000 00340nam a2200157Ia 4500
100 _aG.V.Kumbhojkar
650 _aMathematics
250 _a2
942 _cBK
366 _f15
245 _aAppkied Mathematics III- Production
260 _bC.Jamnadas & Co
_c2014
082 _a511
_bKUM
546 _aENGLISH
_cproduction
999 _c34200
_d34200